Statistics for NCAA FOOTBALL TEAMS BY STATE (K-L)

Click here to take the quiz!

General Stats

  • This quiz has been taken 39 times
  • The average score is 9 of 10

Answer Stats

HintAnswer% Correct
KansasKansas Jayhawks
100%
KansasKansas State Wildcats
100%
KentuckyKentucky Wildcats
100%
LouisianaLSU Tigers
100%
KentuckyLouisville Cardinals
94%
LouisianaLouisiana Tech Bulldogs
77%
KentuckyWestern Kentucky Hilltoppers
77%
LouisianaTulane Green Wave
74%
LouisianaLouisiana-Lafayette Ragin' Cajuns
69%
LouisianaLouisiana-Monroe Warhawks
69%

Score Distribution

Percentile by Number Answered

Percent of People with Each Score

Your Score History

You have not taken this quiz